000
00284nam a2200121Ia 4500
999
_c
4080
_d
4080
008
200302s9999 xx 000 0 und d
100
_a
Robert W. Gill
245
_a
Rendering with Pen and Ink
260
_b
Thames and Hudson Ltd.
260
_c
1973
300
_a
400 P.,
942
_2
ddc